000 00769cam0a220025300 4500
001 zam00002115
008 951128s1973 xx eng u
035 _a(Sirsi) r19494
035 _a(MACHINE)SLC.
100 _aBrumfit, J.
_6A80385.1
245 1 0 _aCommunicative approach to language.
260 _c1973.
949 _aP51
_wlcc
_i-17392
_mMAIN
_tBOOK
_lON-SHELF
949 _aP51
_wlcc
_i-17393
_mMAIN
_tBOOK
_lON-SHELF
949 _aP51
_wlcc
_i-17394
_mMAIN
_tBOOK
_lON-SHELF
004 19494
591 _aClass code: ED 323.
591 _aCourse: English teaching methods.
591 _aSchool: S03.
591 _aLecturer: Mr. TAMBULUKANI, G.
591 _aNumber of Students: 102.
900 _2MAIN
_8P51
_9BRU
_c3
909 _aBook
999 _c168992
_d168992